• 首页
  • 本馆介绍
  • 公告通知
  • 最新文献
  • 馆藏检索
  • 电子资源
  • 读者导购
  • 参考咨询
  • 我的图书馆
  • 登录
  • 详细信息显示
  • 放入我的书架
  • 预约/预借图书
  • 作者相关作品
  • 分类相关作品
  • 丛书相关作品
  • 出版社相关作品

书目信息

  • 表格格式
  • 工作单格式
  • 卡片格式
题名:
动物药剂的应用与制作创新
    
 
作者: 谢麟 , 长春 编著
分册: 上  
出版信息: 北京   化学工业出版社  2008.6
页数: 293页
开本: 26cm
丛书名:
单 册:
中图分类: S859.5
科图分类:
主题词: 兽医学 , 制剂学
电子资源:
ISBN: 978-7-122-02965-2
000 00874nam0 2200253 45
001 1356828062
005 20130514173304.39
010    @a978-7-122-02965-2@dCNY49.00
100    @a20130108d2011 ekmy0chiy0120 ea
101 0  @achi
102    @aCN@b110000
105    @ay z 000yy
106    @ar
200 1  @a动物药剂的应用与制作创新@ADong Wu Yao Ji De Ying Yong Yu Zhi Zuo Chuang Xin@e动物药剂原理与药剂应用@EDong Wu Yao Ji Yuan Li Yu Yao Ji Ying Yong@h上@HShang@f谢麟,长春编著@FXie Lin, Chang Chun Bian Zhu
210    @a北京@c化学工业出版社@d2008.6
215    @a293页@d26cm
517 1  @a动物药剂原理与药剂应用@ADong Wu Yao Ji Yuan Li Yu Yao Ji Ying Yong
606 0  @a兽医学
606 0  @a制剂学
690    @aS859.5@v5
701  0 @a谢麟@AXie Lin@4编著
701  0 @a长春@AChang Chun@4编著
801    @aCN@bTANGWEI@c20130108
905    @b0830136-40@dS859.5@e99:1@f5
    
    动物药剂的应用与制作创新:动物药剂原理与药剂应用.上/谢麟,长春编著.-北京:化学工业出版社,2008.6
    293页;26cm
    
    
    ISBN 978-7-122-02965-2:CNY49.00
    
●
相关链接 在E读中查询图书 在五车中查询图书 在当当中查询图书 在豆瓣中查询图书


正题名:动物药剂的应用与制作创新     索取号:S859.5/99:1         预约/预借

序号 登录号 条形码 馆藏地/架位号 状态 备注
1 0830136   208301363   第二样本阅览室/ [索取号:S859.5/99:1] 在馆    
2 0830137   208301372   第三借阅区/ [索取号:S859.5/99:1] 在馆    
3 0830138   208301381   第三借阅区/ [索取号:S859.5/99:1] 在馆    
4 0830139   208301390   第三借阅区/ [索取号:S859.5/99:1] 在馆    
5 0830140   208301407   第三借阅区/ [索取号:S859.5/99:1] 在馆    
唐山师范学院图书馆 欢迎您!
大连网信软件有限公司© 版权所有